000
00278nam a2200097Ia 4500
082
_a
241.1|MURR
245
0
_a
The spirit of Christ
100
_a
Murray, Andrew, , 1828-1917 Springdale, PA., c.1984 Rev
_9
68807
942
_c
BK
008
210817s9999 xx 000 0 und d
999
_c
222329
_d
222328